000 00649nam a22002297a 4500
003 UA-OsUOA
001 99638
007 ta
008 20130513b un ||||| |||| 00| 0 ukr d
100 _aТендряков В.
090 _a821.161.1
_bТ33
942 _cBK
040 _aUA-OsUOA
_brus
_cUA-OsUOA
_dUA-OsUOA
245 _aПокушение на миражи
_bроман, повесть, рассказы
300 _a400 с.
955 _a3
041 _arus
080 _a821.161.1
260 _aМ.
_bСов. писатель
_c1988
650 7 _a82 Література. Літературознавство
_2UDC
999 _c385888
_d385888